Fictional People by U. S. State - Statistics

General Stats
  • This quiz has been taken 87 times
  • The average score is 8 of 20
Answer Stats
Person / People State % Correct
Spiderman & Percy Jackson New York
88%
Superman & Wizard of Oz Kansas
84%
Forrest Gump & Atticus Finch Alabama
74%
Sheldon Cooper & Lone Ranger Texas
66%
Tom Sawyer & Huckleberry Finn Missouri
62%
Cartman, Kenny, Kyle & Stan Colorado
53%
Scarlett O'Hara Georgia
51%
Popeye, Marty McFly & Norman Bates California
50%
Ted, Will Hunting & Michaela Quinn Massachusetts
41%
Garfield, Eleven & Nancy Wheeler Indiana
34%
Batman & Indiana Jones New Jersey
32%
Penny Hofstadter Nebraska
21%
Nurse Ratched & Henry Huggins Oregon
19%
Freddy Krueger & Hulk Ohio
16%
Pee-wee Herman & Ant-Man Florida
15%
Quizmaster Washington
15%
Krazy Kat & Marion Crane Arizona
13%
Kermit the Frog Mississippi
13%
Jay Gatsby North Dakota
12%
Havok Hawaii
9%
No matching quizzes found
Score Distribution
Percent of People with Each Score
Percentile by Number Answered
Your Score History
You have not taken this quiz